书目信息 |
| 题名: |
《无机化学》 第六卷 卤素 铜分族 锌分族
|
|
| 作者: | 钟兴厚 主编 | |
| 分册: | ||
| 出版信息: | 北京 科学出版社 1995.12 |
|
| 页数: | 882页 | |
| 开本: | 32开 | |
| 丛书名: | ||
| 单 册: | ||
| 中图分类: | O613.4 | |
| 科图分类: | ||
| 主题词: | 无机化学 | |
| 电子资源: | ||
| ISBN: | 7-03-003647-6 | |
| 000 | 00612nam0 2200193 45 | |
| 001 | 0009051813 | |
| 005 | 20000905185801.1 | |
| 010 | @a7-03-003647-6@d57.00元 | |
| 100 | @a20000905d1995 km y0chiy0120 ea | |
| 101 | 0 | @achi |
| 105 | @a z 000yy | |
| 200 | 1 | @a《无机化学》 第六卷 卤素 铜分族 锌分族@A《Wu Ji Hua Xue》 Di Liu Juan Lu Su Tong Fen Zu Xin Fen Zu@f钟兴厚等主编@FZhong Xing Hou Deng Zhu Bian |
| 210 | @a北京@c科学出版社@d1995.12 | |
| 215 | @a882页@d32开 | |
| 606 | 0 | @a无机化学 |
| 690 | @aO613.4@v3 | |
| 701 | 0 | @a钟兴厚@4主编 |
| 801 | @aCN@bPftUser@c20000905 | |
| 905 | @b121277-278@dO613.4@eZH334@f2 | |
| 《无机化学》 第六卷 卤素 铜分族 锌分族/钟兴厚等主编.-北京:科学出版社,1995.12 |
| 882页;32开 |
| ISBN 7-03-003647-6:57.00元 |
| ● |
| 相关链接 |
|
|
|
正题名:《无机化学》第六卷卤素铜分族锌分族
索取号:O613.4/ZH334
 
预约/预借
| 序号 | 登录号 | 条形码 | 馆藏地/架位号 | 状态 | 备注 |
| 1 | 121277 | 201212776 | 自科库401/401自科库 62排1列4层/ [索取号:O613.4/ZH334] | 在馆 | |
| 2 | 121278 | 201212785 | 自科库401/401自科库 62排1列4层/ [索取号:O613.4/ZH334] | 在馆 |